000 00625nam a22001937a 4500
003 0
005 20240812090204.0
008 240812b xxu||||| |||| 00| 0 eng d
020 _a978-1-64532-834-6
050 _aG 155
_b.B37 2023
100 _aBarker, Milton
245 _a Tourism policy planning and development
_cMilton Barker
260 _aNew York
_bAlexis Press, LLC.
_c2023
300 _aviii, 298 pages :
_bcolored illustrations and pictures ;
_c26cm.
504 _aIncludes bibliographical references and index.
650 _aTourism policy.
650 _aTourism planning & development.
942 _2lcc
_cBK
999 _c366080
_d366080